Australian Political Parties - Statistics

General Stats
  • This quiz has been taken 175 times
  • The average score is 5 of 13
Answer Stats
Hint: Answer % Correct
Authoritarian, Anti-Immigration One Nation
96%
Opposition Australian Labour Party
89%
Environmentalists Australian Greens
73%
In the Coalition Liberal National Party
47%
In Power Liberal Party of Australia
45%
Nick Xenophone is the leader Nick Xenophone Team
24%
Only represents Queensland Katter's Australian Party
22%
In the Coalition Country Liberals
17%
Libertarian Liberal Democratic Party
13%
Leader has Duel Citizenship National Party of Australia
12%
Break off from Malcom Turnball Australian Conservatives
9%
12 Core Beliefs Jacqui Lambie Network
6%
Came from Sky News Derryn Hinch's Justice Party
3%
No matching quizzes found
Score Distribution
Percent of People with Each Score
Percentile by Number Answered
Your Score History
You have not taken this quiz